Distritos do Espírito Santo em um Mapa - Statistics

Estatísticas Gerais
  • Esse quiz foi jogado 143 vezes
  • A pontuação média é 36 de 278
Respostas no mapa
Respostas codificadas por cores de uma escala verde-vermelha no mapa do quiz de acordo com a % correta abaixo.
 
Estatísticas das Respostas
Município Distrito % Correto
Vitória Vitória
51%
Vila Velha Vila Velha
44%
Guarapari Guarapari
43%
Serra Serra
42%
Colatina Colatina
40%
Linhares Linhares
40%
Cariacica Cariacica
39%
São Mateus São Mateus
38%
Anchieta Anchieta
36%
Itapemirim Itapemirim
36%
Viana Viana
34%
Aracruz Aracruz
33%
Domingos Martins Domingos Martins
33%
Piúma Piúma
33%
Marataízes Marataízes
32%
Alfredo Chaves Alfredo Chaves
31%
Castelo Castelo
31%
Afonso Cláudio Afonso Cláudio
30%
Fundão Fundão
30%
Jaguaré Jaguaré
30%
Cachoeiro de Itapemirim Cachoeiro de Itapemirim
29%
João Neiva João Neiva
29%
Sooretama Sooretama
29%
Atílio Vivácqua Atílio Vivácqua
27%
Itarana Itarana
27%
Iúna Iúna
27%
Marechal Floriano Marechal Floriano
27%
Nova Venécia Nova Venécia
27%
Santa Maria de Jetibá Santa Maria de Jetibá
27%
Vargem Alta Vargem Alta
27%
Brejetuba Brejetuba
26%
Conceição da Barra Conceição da Barra
26%
Ibiraçu Ibiraçu
26%
Itaguaçu Itaguaçu
26%
Marilândia Marilândia
26%
Pedro Canário Pedro Canário
26%
Rio Bananal Rio Bananal
26%
Águia Branca Águia Branca
25%
Ibitirama Ibitirama
25%
Conceição da Barra Itaúnas
25%
Laranja da Terra Laranja da Terra
25%
Pancas Pancas
25%
Pinheiros Pinheiros
25%
Santa Leopoldina Santa Leopoldina
25%
Santa Teresa Santa Teresa
25%
Alegre Alegre
24%
Baixo Guandu Baixo Guandu
24%
Conceição do Castelo Conceição do Castelo
24%
Dores do Rio Preto Dores do Rio Preto
24%
Aracruz Guaraná
24%
Ibatiba Ibatiba
24%
Iconha Iconha
24%
Muqui Muqui
24%
Presidente Kennedy Presidente Kennedy
24%
Venda Nova do Imigrante Venda Nova do Imigrante
24%
Alto Rio Novo Alto Rio Novo
23%
Bom Jesus do Norte Bom Jesus do Norte
23%
Ecoporanga Ecoporanga
23%
Irupi Irupi
23%
Itapemirim Itaipava
23%
Aracruz Jacupemba
23%
Montanha Montanha
23%
Rio Novo do Sul Rio Novo do Sul
23%
São Domingos do Norte São Domingos do Norte
23%
Boa Esperança Boa Esperança
22%
Mimoso do Sul Mimoso do Sul
22%
Vila Pavão Vila Pavão
22%
Água Doce do Norte Água Doce do Norte
21%
Apiacá Apiacá
21%
Mucurici Mucurici
21%
Ponto Belo Ponto Belo
21%
São Gabriel da Palha São Gabriel da Palha
21%
São Roque do Canaã São Roque do Canaã
21%
Vila Valério Vila Valério
21%
Domingos Martins Aracê
20%
Barra de São Francisco Barra de São Francisco
20%
Guaçuí Guaçuí
20%
Alfredo Chaves Matilde
20%
Serra Nova Almeida
20%
Jerônimo Monteiro Jerônimo Monteiro
19%
Mantenópolis Mantenópolis
19%
Linhares Regência
19%
Linhares Bebedouro
18%
Divino de São Lourenço Divino de São Lourenço
18%
Governador Lindenberg Governador Lindenberg
18%
Muniz Freire Muniz Freire
18%
Barra de São Francisco Santo Antônio
18%
São José do Calçado São José do Calçado
18%
Vitória Goiabeiras
17%
Fundão Praia Grande
17%
Aracruz Riacho
17%
Colatina Baunilha
16%
Domingos Martins Biriricas
16%
Cachoeiro de Itapemirim Itaoca
16%
Colatina Itapina
16%
Vila Velha Jucu
16%
Aracruz Santa Cruz
16%
Serra Carapina
15%
Cariacica Itaquari
15%
Linhares São Rafael
15%
Fundão Timbuí
15%
Colatina Ângelo Frechiani
14%
Cachoeiro de Itapemirim Conduru
14%
Anchieta Jabaquara
14%
Alfredo Chaves Urânia
14%
Viana Araçatiba
13%
Marechal Floriano Araguaia
13%
Colatina Boapaba
13%
Domingos Martins Paraju
13%
Rio Bananal São Francisco
13%
João Neiva Acioli
12%
Jaguaré Barra Seca
12%
Conceição da Barra Braço do Rio
12%
Alfredo Chaves Ibitiruí
12%
Domingos Martins Isabel
12%
Pancas Lajinha
12%
Domingos Martins Melgaço
12%
Ibiraçu Pendanga
12%
Serra Queimado
12%
Guarapari Todos os Santos
12%
Montanha Vinhático
12%
Anchieta Alto Pongal
11%
Vila Velha Argolas
11%
Alfredo Chaves Crubixá
11%
Afonso Cláudio Fazenda Guandu
11%
Santa Maria de Jetibá Garrafão
11%
Colatina Graça Aranha
11%
Fundão Irundi
11%
Governador Lindenberg Novo Brasil
11%
Linhares Pontal do Ipiranga
11%
Linhares Povoação
11%
Alfredo Chaves Ribeirão do Cristo
11%
Marechal Floriano Santa Maria de Marechal
11%
Vila Velha São Torquato
11%
Piúma Aghá
10%
Venda Nova do Imigrante Alto Caxixe
10%
Linhares Farias
10%
Vila Velha Ibes
10%
Vargem Alta Jaciguá
10%
Santa Leopoldina Mangaraí
10%
São Mateus Nestor Gomes
10%
Afonso Cláudio Pontões
10%
Guarapari Rio Calçado
10%
Alfredo Chaves Sagrada Família
10%
Marilândia Sapucaia
10%
Alegre Café
9%
Serra Calogi
9%
Alegre Celina
9%
Linhares Desengano
9%
Castelo Estrela do Norte
9%
Itapemirim Itapecoá
9%
São Mateus Itauninhas
9%
Baixo Guandu Quilômetro 14 do Mutum
9%
Linhares Rio Quartel
9%
Vargem Alta São José de Fruteiras
9%
Muniz Freire São Pedro
9%
Cachoeiro de Itapemirim Coutinho
8%
Pedro Canário Cristal do Norte
8%
Santa Leopoldina Djalma Coutinho
8%
Itaguaçu Itaçu
8%
Cachoeiro de Itapemirim Pacotuba
8%
Alegre Rive
8%
Venda Nova do Imigrante São João de Viçosa
8%
Águia Branca Águas Claras
7%
Marataízes Barra do Itapemirim
7%
São Mateus Barra Nova
7%
Cachoeiro de Itapemirim Burarama
7%
Barra de São Francisco Itaperuna
7%
Laranja da Terra Joatuba
7%
São Mateus Nova Verona
7%
Itaguaçu Palmeira
7%
Barra de São Francisco Paulista
7%
Rio Novo do Sul Princesa
7%
Itapemirim Rio Muqui
7%
São Roque do Canaã Santa Júlia
7%
Santa Teresa Santo Antônio do Canaã
7%
Santa Teresa São João de Petrópolis
7%
Conceição da Barra Cricaré
6%
Afonso Cláudio Ibicaba
6%
Governador Lindenberg Morello
6%
Itapemirim Piabanha do Norte
6%
Muniz Freire Piaçu
6%
Vargem Alta Prosperidade
6%
Rio Bananal São Jorge de Tiradentes
6%
Cachoeiro de Itapemirim Vargem Grande do Soturno
6%
Pancas Vila Verde
6%
Baixo Guandu Alto Mutum Preto
5%
Alegre Anutiba
5%
Barra de São Francisco Cachoeirinha de Itaúna
5%
Iconha Duas Barras
5%
Água Doce do Norte Governador Lacerdade Aguiar
5%
Nova Venécia Guararema
5%
Ecoporanga Joaçuba
5%
Afonso Cláudio Mata Fria
5%
Governador Lindenberg Moacyr Ávidos
5%
Barra de São Francisco Monte Senir
5%
Barra de São Francisco Monte Sinai
5%
Afonso Cláudio Piracema
5%
Barra de São Francisco Poranga
5%
Água Doce do Norte Santa Luzia do Azul
5%
São Roque do Canaã São Jacinto
5%
Água Doce do Norte Vila Nelita
5%
Santa Teresa Alto Santa Maria
4%
Alegre Araraí
4%
Cachoeiro de Itapemirim Córrego dos Monos
4%
Ecoporanga Cotaxé
4%
Cachoeiro de Itapemirim Gironda
4%
Baixo Guandu Ibituba
4%
Ecoporanga Imburana
4%
Mucurici Itabaiana
4%
Ponto Belo Itamira
4%
Castelo Monte Pio
4%
Ecoporanga Muritiba
4%
Ecoporanga Prata dos Baianos
4%
Alegre Santa Angélica
4%
Água Doce do Norte Santo Agostinho
4%
Mantenópolis São Geraldo
4%
Alegre São João do Norte
4%
Vila Valério São Jorge da Barra Seca
4%
Barra de São Francisco Vargem Alegre
4%
Santa Teresa Vinte e Cinco de Julho
4%
Santa Teresa Alto Caldeirão
3%
Apiacá Bonsucesso
3%
Mimoso do Sul Conceição do Muqui
3%
Cachoeiro de Itapemirim Gruta
3%
Itaguaçu Itaimbé
3%
Vila Valério Jurama
3%
Alto Rio Novo Monte Carmelodo Rio Novo
3%
Jaguaré Nossa Senhora de Fátima
3%
Alto Rio Novo Palmerino
3%
Iúna Pequiá
3%
Mantenópolis Santa Luzia deMantenópolis
3%
Ecoporanga Santa Luzia do Norte
3%
Ibitirama Santa Marta
3%
Ecoporanga Santa Terezinha
3%
Mimoso do Sul São José das Torres
3%
Guaçuí São Tiago
3%
Vargem Alta Alto Castelinho
2%
São Gabriel da Palha Fartura
2%
Muniz Freire Itaici
2%
Apiacá José Carlos
2%
Muniz Freire Menino Jesus
2%
Castelo Patrimônio do Ouro
2%
Brejetuba Santa Rita de Brejetuba
2%
Iúna Santíssima Trindade
2%
Afonso Cláudio São FranciscoXavier do Guandu
2%
Pinheiros São João do Sobrado
2%
Brejetuba São Jorge de Oliveira
2%
Mantenópolis São José de Mantenópolis
2%
Boa Esperança São José do Sobradinho
2%
Dores do Rio Preto São Raimundo daPedra Menina
2%
Cachoeiro de Itapemirim São Vicente
2%
Afonso Cláudio Serra Pelada
2%
Muniz Freire Vieira Machado
2%
São José do Calçado Alto Calçado
1%
Muqui Camará
1%
São José do Calçado Divino Espírito Santo
1%
Mimoso do Sul Dona América
1%
Castelo Limoeiro
1%
Dores do Rio Preto Mundo Novo
1%
Iúna Nossa Senhora das Graças
1%
Mimoso do Sul Ponte de Itabapoana
1%
Irupi Santa Cruz de Irupi
1%
Boa Esperança Santo Antônio doPousalegre
1%
Nova Venécia Santo Antônio do Quinze
1%
Iúna São João do Príncipe
1%
Afonso Cláudio São Luís de Boa Sorte
1%
Laranja da Terra São Luiz de Miranda
1%
Guaçuí São Miguel do Caparaó
1%
Mimoso do Sul São Pedro de Itabapoana
1%
Laranja da Terra Sobreiro
1%
Laranja da Terra Vila de Laranja da Terra
1%
Baixo Guandu Vila Nova de Bananal
1%
São José do Calçado Airituba
0%
Muniz Freire Alto Norte
0%
São Domingos do Norte Braço do Sul
0%
Mimoso do Sul Santo Antônio do Muqui
0%
Guaçuí São Pedro de Rates
0%
Nenhum quiz correspondente encontrado
Distribuição das Pontuações
Porcentagem de Pessoas com Cada Pontuação
Percentil de Números Respondidos
Sua Pontuação Histórica
Você não jogou esse quiz